Γεωγραφικά συστήματα πληροφοριών και ανάλυση χώρου

Αποθηκεύτηκε σε:
Λεπτομέρειες βιβλιογραφικής εγγραφής
Κύριος συγγραφέας: Κουτσόπουλος, Κωστής, 1945-
Μορφή: Βιβλίο
Γλώσσα:Greek
Δημοσίευση: Αθήνα : Παπασωτηρίου, 2002.
Θέματα:
Ετικέτες: Προσθήκη ετικέτας
Δεν υπάρχουν, Καταχωρήστε ετικέτα πρώτοι!

MARC

LEADER 00000cam a2200000 i 4500
001 1/56594
008 040602s2002 gr | ||| |||| ||gre||
020 |a 9607530209 
035 |l 10073629 
040 |a GR-MyUa  |b gre  |e AACR2 
041 0 |a gre 
082 7 |a 910.285   |2 (22) 
100 1 |a Κουτσόπουλος, Κωστής,   |d 1945- 
245 1 0 |a Γεωγραφικά συστήματα πληροφοριών και ανάλυση χώρου /   |c Κωστής Κουτσόπουλος.  
260 |a Αθήνα :   |b Παπασωτηρίου,   |c 2002.  
300 |a 401 σ. :   |b σχέδια, πίν., χάρτες ;   |c 24 εκ.  
500 |a Τα Παράρτηματα Λήμνου, Λέσβου, Ρόδου, Χίου και Σύρου διαθέτουν την 2η έκδοση του 2005. 
504 |a Βιβλιογραφία: σ. 363-381. Ευρετήριο.  
650 0 |a Geographic information systems. 
650 0 |a Geography  |x Data processing. 
852 |a INST  |b CHIOS  |e 20040602  |h 910.285 ΚΟΥ  |p 005200023152  |q 005200023152  |t BK  |y 0 
852 |a INST  |b CHIOS  |c EUDOXUS  |e 20170302  |h 910.285 ΚΟΥ  |p 005200037831  |q 005200037831  |t EDX  |y 0 
852 |a INST  |b LEMNOS  |e 20090709  |h 910.285 ΚΟΥ  |p 005600000165  |q 005600000165  |t BK  |y 0 
852 |a INST  |b LESVOS  |e 20051014  |h 910.285 ΚΟΥ  |p 005100032814  |q 005100032814  |t BK  |y 0 
852 |a INST  |b LESVOS  |e 20100610  |h 910.285 ΚΟΥ  |p 005100047510  |q 005100047510  |t BK  |y 0 
852 |a INST  |b LESVOS  |e 20100610  |h 910.285 ΚΟΥ  |p 005100047807  |q 005100047807  |t BK  |y 0 
852 |a INST  |b LESVOS  |e 20100610  |h 910.285 ΚΟΥ  |p 005100047808  |q 005100047808  |t BK  |y 0 
852 |a INST  |b LESVOS  |e 20100610  |h 910.285 ΚΟΥ  |p 005100047809  |q 005100047809  |t BK  |y 0 
852 |a INST  |b LESVOS  |e 20110708  |h 910.285 ΚΟΥ  |p 005100050202  |q 005100050202  |t BK  |y 0 
852 |a INST  |b LESVOS  |e 20120214  |h 910.285 ΚΟΥ  |p 005100050817  |q 005100050817  |t BK  |y 0 
852 |a INST  |b LESVOS  |c EUDOXUS  |e 20140122  |h 910.285 ΚΟΥ  |p 005100052646  |q 005100052646  |t EDX  |y 0 
852 |a INST  |b LESVOS  |c EUDOXUS  |e 20140122  |h 910.285 ΚΟΥ  |p 005100052647  |q 005100052647  |t EDX  |y 0 
852 |a INST  |b RHODES  |c EUDOXUS  |e 20140120  |h 910.285 ΚΟΥ  |p 005400036023  |q 005400036023  |t EDX  |y 0 
852 |a INST  |b RHODES  |c EUDOXUS  |e 20170127  |h 910.285 ΚΟΥ  |p 005400038811  |q 005400038811  |t EDX  |y 0 
852 |a INST  |b SYROS  |e 20131210  |h 910.285 ΚΟΥ  |p 005500011166  |q 005500011166  |t BK  |y 0 
901 |a BIBL2-2003-3 
901 |a BIBL1-2005-3 
901 |a BIBL6-2009-2 
901 |a BIBL5-2013-1 
901 |a BIBL1-2010-2 
901 |a BIBL1-2011-2 
901 |a BIBL4-2014-1 
901 |a BIBL1-2014-1 
920 |a Εύδοξος  |b Παραγγελία  |y Χίος-ΤΔΕ  |z 2017-01 
920 |a Εύδοξος  |b Παραγγελία  |y Χίος-ΤΔΕ  |z 2017-01 
920 |a Φοιτητική Μέριμνα  |y Λέσβος  |z 2003-10 
920 |a Φοιτητική Μέριμνα  |y Λέσβος  |z 2010-04 
920 |a Φοιτητική Μέριμνα  |y Λέσβος  |z 2011-04 
920 |a Εύδοξος  |b Παραγγελία  |y Λέσβος-ΤΓ  |z 2013-12 
920 |a Καρφή  |b Δέσποινα  |y Λέσβος  |z 2011-12 
920 |a Εύδοξος  |b Παραγγελία  |y Ρόδος-ΤΜΣ  |z 2017-01 
920 |a Εύδοξος  |b Παραγγελία  |y Ρόδος-ΤΜΣ  |z 2013-12 
922 |a 6ΕΛΗ  |b 200802  |c ΕΠΕΑΕΚ2/ΚΥΒ  |d Πατάκης 
970 |a Σπέντζα  |b Ελένη  |z 08/12/2003